| 000 | 010840000a22003130004500 | ||
|---|---|---|---|
| 001 | 18 | ||
| 003 | CO-MdFUSB | ||
| 005 | 20160311152320.0 | ||
| 008 | 160311t19851985eng |f |||| 00| 0 eng d | ||
| 010 | _aCO-MdFUSB | ||
| 020 | _a0-8010-3413-2 | ||
| 040 |
_cCO-MdFUSB _erda |
||
| 041 | 0 | _aENG | |
| 082 | 0 | 4 | _aR 150 B469b |
| 100 | 1 | _aBenner, David G. (Editor) | |
| 245 | 1 | 0 |
_aBaker encyclopedia of psychology _c / David G. Benner, Editor. |
| 260 | _aGrand Rapids, MI., USA : Baker | ||
| 264 |
_aGrand Rapids, MI., USA _b : Baker _c1985 |
||
| 300 | _a1223 páginas | ||
| 336 | _a5 | ||
| 337 |
_2rdamedia _a2 |
||
| 338 | _a2 | ||
| 501 | _aPasta dura | ||
| 504 | _aIncluye referencias bibliográficas: páginas | ||
| 505 | 0 | 0 | _aUn tratamiento integral de la psicología desde una perspectiva cristiana -- Definiciones de términos de la psicología -- Biografías de líderes en el campo de psicología |
| 650 | 1 | 4 | _aPSICOLOGIA \ ENCICLOPEDIAS Y DICCIONARIOS |
| 653 |
_aPSICOLOGIA \ ENCICLOPEDIAS Y DICCIONARIOS _aPSICOLOGIA \ ENCICLOPEDIAS Y DICCIONARIOS |
||
| 942 | _cBK | ||
| 999 |
_c31575 _d31575 |
||